Dota 2 The International Winners - Statistics

General Stats
  • This quiz has been taken 13 times
  • The average score is 40 of 70
Answer Stats
Country Position Name Answer % Correct
au.webp 1 Anathan Pham Ana
92%
au.webp 1 Anathan Pham Ana
92%
ua.webp 2 Danil Ishutin Dendi
92%
dk.webp 5 Johan Sundstein N0tail
92%
dk.webp 5 Johan Sundstein N0tail
92%
ee.webp 4 Clement Ivanov Puppey
92%
fi.webp 2 Topias Taavitsainen Topson
92%
fi.webp 2 Topias Taavitsainen Topson
92%
fr.webp 3 Sébastien Debs Ceb
85%
fr.webp 3 Sébastien Debs Ceb
85%
ua.webp 4 Myroslav Kolpakov Mira
85%
ua.webp 4 Myroslav Kolpakov Mira
85%
jo.webp 2 Amer Al-Barkawi Miracle-
85%
pk.webp 2 Sumail Hassan SumaiL
85%
jo.webp 3 Ammar Al-Assaf ATF
77%
fi.webp 4 Jesse Vainikka JerAx
77%
fi.webp 4 Jesse Vainikka JerAx
77%
de.webp 5 Kuro Takhasomi KuroKy
77%
se.webp 1 Jonathan Berg Loda
77%
se.webp 2 Gustav Magnusson s4
77%
ua.webp 3 Oleksandr Dashkevych XBOCT
77%
cn.webp 4 Zhang Yiping y`
77%
se.webp 3 Henrik Ahnberg AdmiralBulldog
69%
pl.webp 2 Michał Jankowski Nisha
69%
us.webp 5 Wu Jingjun Sneyking
69%
us.webp 5 Wu Jingjun Sneyking
69%
ru.webp 2 Alexander Khertek TORONTOTOKYO
69%
il.webp 3 Neta Shapira 33
62%
il.webp 3 Neta Shapira 33
62%
ru.webp 3 Magomed Khalilov Collapse
62%
ru.webp 3 Magomed Khalilov Collapse
62%
dk.webp 4 Andreas Nielsen Cr1t-
62%
us.webp 1 Clinton Loomis Fear
62%
ru.webp 2 Stanislav Potorak Malr1ne
62%
fi.webp 1 Lasse Urpalainen MATUMBAMAN
62%
us.webp 5 Peter Dager ppd
62%
ua.webp 1 Illya Mulyarchuk Yatoro
62%
ua.webp 1 Illya Mulyarchuk Yatoro
62%
my.webp 4 Wong Hock Chuan ChuaN
54%
se.webp 5 Aydin Sarkohi Insania
54%
ru.webp 2 Denis Sigitov Larl
54%
sk.webp 1 Oliver Lepko skiter
54%
sk.webp 1 Oliver Lepko skiter
54%
us.webp 3 Saahil Arora UNiVeRsE
54%
se.webp 5 Joakim Akterhall Akke
46%
ca.webp 4 Kurtis Ling Aui_2000
46%
se.webp 4 Samuel Svahn Boxi
46%
lb.webp 4 Maroun Merhej GH
46%
ru.webp 5 Dmitriy Kupriyanov LighTofHeaveN
46%
se.webp 1 Michael Vu miCKe
46%
bg.webp 3 Ivan Ivanov MinD_ContRoL
46%
ru.webp 5 Yaroslav Naidenov Miposhka
46%
ru.webp 5 Yaroslav Naidenov Miposhka
46%
ua.webp 1 Ivan Antonov ArtStyle
38%
cn.webp 5 Zeng Hongda Faith
38%
cn.webp 3 Zhang Ruida Faith_bian
38%
de.webp 2 Leon Kirilin Nine
38%
mk.webp 4 Martin Sazdov Saksa
38%
cn.webp 3 Zhang Ning Xiao8
38%
se.webp 4 Jerry Lundkvist EGM
23%
cn.webp 2 Luo Feichi Ferrari_430
23%
cn.webp 1 Chen Zhihao Hao
23%
cn.webp 5 Li Peng iceice
23%
cn.webp 2 Zhou Yang BLink
15%
cn.webp 1 Chu Zeyu shadow
15%
cn.webp 3 Jiang Cen YYF
15%
cn.webp 1 Chen Yao Zhou
15%
cn.webp 4 Wang Jiao Banana
8%
cn.webp 2 Zhang Pan Mu
8%
cn.webp 5 Wang Zhaohui SanSheng
8%
No matching quizzes found
Score Distribution
Percent of People with Each Score
Percentile by Number Answered
Your Score History
You have not taken this quiz